000 00381nam a2200157Ia 4500
008 160316s1975 xxu||||| |||| 00| 0 eng d
082 _a305.560000
_bHAV - IV
100 _aHavanur L G
245 _aKarnataka backward classes commission, Vol.4
250 _a
260 _aBangalore
_bGovt. of Karnataka
_c1975
300 _aPv
_b
_c
365 _b
650 _a
700 _a
_a
999 _c25846
_d25846